Tài chính doanh nghiệp Corporate finance

Giới thiệu tổng quan về tài chính doanh nghiệp, định giá và hoạch định ngân sách vốn, rủi ro, cấu trúc vốn và chính sách cổ tức, tài trợ dài hạn, quyền chọn, hợp đồng giao sau và tài chính doanh nghiệp, tài chính ngắn hạn......

全面介紹

Đã lưu trong:
書目詳細資料
主要作者: Ross, Stephen A
格式: 圖書
語言:Undetermined
出版: Tp. Hồ Chí Minh Kinh tế Tp. Hồ Chí Minh 2017
主題:
在線閱讀:http://lrc.tdmu.edu.vn/opac/search/detail.asp?aID=2&ID=33202
標簽: 添加標簽
沒有標簽, 成為第一個標記此記錄!
Thư viện lưu trữ: Trung tâm Học liệu Trường Đại học Thủ Dầu Một
LEADER 01077nam a2200217Ia 4500
001 TDMU_33202
008 210410s9999 xx 000 0 und d
082 |a 571.2 
090 |b R434 
100 |a Ross, Stephen A 
245 0 |a Tài chính doanh nghiệp 
245 0 |b Corporate finance 
245 0 |c Stephen A. Ross, Randolph W. Westerfield, Jeffrey Jaffe... ; Vũ Việt Quảng (Biên dịch) 
260 |a Tp. Hồ Chí Minh 
260 |b Kinh tế Tp. Hồ Chí Minh 
260 |c 2017 
300 |a 1095tr. 
520 |a Giới thiệu tổng quan về tài chính doanh nghiệp, định giá và hoạch định ngân sách vốn, rủi ro, cấu trúc vốn và chính sách cổ tức, tài trợ dài hạn, quyền chọn, hợp đồng giao sau và tài chính doanh nghiệp, tài chính ngắn hạn... 
650 |a Tài chính doanh nghiệp 
856 |u http://lrc.tdmu.edu.vn/opac/search/detail.asp?aID=2&ID=33202 
980 |a Trung tâm Học liệu Trường Đại học Thủ Dầu Một